LEADER 01419nam 2200277la 450 001 9910481556103321 005 20230503103146.0 035 $a(UK-CbPIL)2090313991 035 $a(CKB)5500000000106954 035 $a(EXLCZ)995500000000106954 100 $a20230503d1544 uy | 101 0 $alat 135 $aurcn||||a|bb| 200 10$aVrbis Romæ topographia nuper ab ipso auctore nonnullis erroribus sublatis emendata, addita etiam interpretatione nominum, quæ unica litera, vel syllaba in antiquis titulus scripta inueniuntur. Cui etiam ab eodem adiectæ sunt quam breuissimæ obseruationes de prænomine, nomine, & cognomine. .. 210 $aItaly $c[s.n.]$d1544 215 $aOnline resource ([12], 122, [2] p., fol) 300 $aReproduction of original in Biblioteca Nazionale Centrale di Firenze. 700 $aMarliani$b Bartolomeo$f1560.$0717140 701 $aPalatino$b Giovanni Battista$factive 16th century.$0993915 701 $aDorico$b Valerio$f1565 .$01892683 801 0$bUk-CbPIL 801 1$bUk-CbPIL 906 $aBOOK 912 $a9910481556103321 996 $aVrbis Romæ topographia nuper ab ipso auctore nonnullis erroribus sublatis emendata, addita etiam interpretatione nominum, quæ unica litera, vel syllaba in antiquis titulus scripta inueniuntur. Cui etiam ab eodem adiectæ sunt quam breuissimæ obseruationes de prænomine, nomine, & cognomine. .$94539227 997 $aUNINA